| 000 | 00492nam a2200121Ia 4500 | ||
|---|---|---|---|
| 008 | 171212s9999 xx 000 0 und d | ||
| 020 | _a9780833069122 | ||
| 100 | _aYardley, Roland J.;Woods, Dulani;Ip, Cesse;Sollinger, Jerry M. | ||
| 245 |
_cYardley, Roland J.;Woods, Dulani;Ip, Cesse;Sollinger, Jerry M. _aGeneral Military Training _bStandardization and Reduction Options |
||
| 260 |
_bRAND Corporation _c2012 |
||
| 650 | _aBusiness | ||
| 856 | _uhttp://www.jstor.org/stable/10.7249/j.ctt5hht1s | ||
| 999 |
_c352114 _d352114 |
||